000 00647nam a2200253Ia 4500
003 OSt
005 20221007074750.0
006 a|||||r|||| 00| 0
007 ta
008 221006b |||||||| |||| 00| 0 eng d
024 _a21,880
037 _cTextual
040 _aFLL
_cFLL
_beng
041 _2eng
_aeng
082 _aZ2,9298, P7.1
100 _aJain M. P.
245 0 _aPrinciples of administrative law
250 _a6th
260 _aNagpur
_bWadhwa and company India
_c2007
300 _accxl,1226,64p
_ccm.
490 _vvol.1
942 _hZ2,9298, P7.1
_cTEXL
_2CC
999 _c1153589
_d1153589